Регионална библиотека "Любен Каравелов" - Русе

Крокотак. Думи на срички (Запис номер 515930)

MARC детайли
000 -Лидер
Контролно поле с фиксирана дължина 01027nam a2200289 a 4500
003 - Код на организацията, давaща контролен номер
Контролно поле BLK
005 - Дата и час на последна редакция
Контролно поле 20250611182511.0
008 - Елементи от данни с фиксирана дължина
fixed length control field 180408b bul|||||r ||||||| ||bul||
020 ## - Международен стандартен номер на книга ISBN
Международен стандартен номер на книга ISBN 9786199185537
040 ## - Източник на каталожния запис
Идентификатор на билиотеката - собственик на записа BLK
041 ## - Код за език
Код за езика на текст/звукозапис или на отделно заглавие Български
Код за езика КДБФ Български
080 ## - УДК
Текстов определител УДК Предучилищно възпитание - четене
УДК код - определител по УДК 373.2.016:028.1
УДК - код + определител 373.2.016:028.1
139 ## - Редно поле
Авторски знак Кро - К 91
245 10 - Сведения за заглавието
Заглавие Крокотак. Думи на срички
Подзаглавни данни Книга, другар на Детския буквар : за деца в предучилищна възраст (5-7 г.)
257 ## - Страна на издаване
Страна на създаване/издаване България
260 ## - Област на издателските данни
Място на издаване, разпространение и проч. София
Име на издателя, разпространителя и проч. Крокотак
Година на издаване 2024
9 (RLIN) 219355
Издателство - префикс ISBN 978-954-92782-
300 ## - Физическа характеристика
Страници 200 с.
Илюстрации и др. с цв. ил.
Размери/Мащаб 27 см
380 ## - Жанр
Жанр Детска отраслова лит.
650 #7 - Допълнително описание по предмет – тема
Основно описание – тема или топоним Буквари
9 (RLIN) 149273
653 ## - Ключова дума – ненормативна
Ключова дума четене
653 #7 - Ключова дума – ненормативна
Ключова дума предучилищна възраст
9 (RLIN) 194420
942 ## - АРТИКУЛИ
Вид на библиотечния материал Книги
Скрит в OPAC Не
Периодичен библиозапис Да
Koha issues (borrowed), all copies 34
944 ## - СЪЗДАВАНЕ И РЕДАКЦИЯ на ЗАПИСА
Дата на регистрацията/редакция Нора Радева
Служител, извършил регистрацията/редакцията 30551
Статус, дата на статуса Бояна Костадинова
999 ## - СИСТЕМНИ КОНТРОЛНИ НОМЕРА
Koha biblionumber 515930
Koha biblioitemnumber 515930
999 ## - СИСТЕМНИ КОНТРОЛНИ НОМЕРА
Koha biblioitemnumber 515930
999 ## - СИСТЕМНИ КОНТРОЛНИ НОМЕРА
Koha biblioitemnumber 463833
999 ## - СИСТЕМНИ КОНТРОЛНИ НОМЕРА
Koha biblioitemnumber 463833
Наличности
Код за отписване Код за изгубен артикул Източник на класификационната схема Код за повреда Код за отдаване Артикулен № Име на библиотеката - собственик Име на библиотеката, в която се намира в момента Статус (Текущо местоположение) Дата на вписване в системата Местоположение - отдел Цена в лева Инвентарен номер Систематично азбучна сигнатура Баркод Цена в евро Служебен тип на артикула
  Не е изгубен Universal Decimal Classification Не е повреден заемане за дома 947612 Регионална библиотека "Любен Каравелов" Русе Регионална библиотека "Любен Каравелов" Русе Детски отдел 2024-08-27 Детски отдел 20.80 120000911346 ДН 373.3.016:028/К 91 120000911346 10.63 Книги
  Не е изгубен Universal Decimal Classification Не е повреден заемане за дома 947613 Регионална библиотека "Любен Каравелов" Русе Регионална библиотека "Любен Каравелов" Русе Детски отдел 2024-08-27 Детски отдел 20.80 120000911345 ДН 373.3.016:028/К 91 120000911345 10.63 Книги
Vip Innovations Ltd, Rousse, Bulgaria 2025